000 01585cam a22003974a 4500
999 _c1168
_d1168
001 12674896
003 GZU
005 20200929084018.0
008 020211s2003 enka b 001 0 eng
010 _a 2002101992
020 _a076195919X
035 _a(DLC) 2002101992
040 _aDLC
_cDLC
_dDLC
042 _apcc
050 0 0 _aH61.95
_bH48 2003
082 0 0 _a300/.285/4678
_222
100 1 _aHewson, Claire.
245 1 0 _aInternet research methods :
_ba practical guide for the social and behavioural sciences /
_cClaire Hewson ... [et al.].
260 _aLondon :
_aThousand Oaks, Calif. :
_bSage Publications,
_c2003.
300 _avi, 155 p. :
_bill. ;
_c24 cm.
440 0 _aNew technologies for social research
504 _aIncludes bibliographical references (p. [146]-150) and index.
650 0 _aSocial sciences
_xComputer network resources.
650 0 _aPsychology
_xComputer network resources.
650 0 _aSocial sciences
_xMethodology.
650 0 _aPsychology
_xMethodology.
650 0 _aSocial sciences
_xResearch.
650 0 _aPsychology
_xResearch.
650 0 _aInternet.
650 0 _aElectronic information resource searching.
856 4 2 _3Publisher description
_uhttp://www.loc.gov/catdir/enhancements/fy0658/2002101992-d.html
856 4 1 _3Table of contents only
_uhttp://www.loc.gov/catdir/enhancements/fy0658/2002101992-t.html
906 _a7
_bcbc
_corignew
_d2
_eepcn
_f20
_gy-gencatlg
942 _2lcc
_cBK
_h61.95
_iHEW
_kH
_m2003